|
|
|
|
| LEADER |
01019nam a22002417a 4500 |
| 001 |
AAL9657 |
| 003 |
BD-DhAAL |
| 005 |
20180715095602.0 |
| 008 |
180715s 2009B ||||| |||| 001 0bB d |
| 999 |
|
|
|c 39761
|d 39761
|
| 020 |
|
|
|a 9847001900354
|
| 040 |
|
|
|a BD-DhAAL
|c BD-DhAAL
|
| 082 |
|
|
|a 305.3/096762
|
| 100 |
|
|
|a নাজ, ফারজানা
|9 27235
|
| 245 |
|
|
|a জেন্ডার শব্দকোষ /
|c ফারজানা নাজ
|
| 260 |
|
|
|a ঢাকা :
|b এ এইচ ডি পি এইচ,
|c ২০০৯
|
| 300 |
|
|
|a ১৬৪ পৃ. ;
|c ২২ সে.মি.
|
| 504 |
|
|
|6 নির্ঘণ্ট ও গ্রন্থপঞ্জি অন্তর্ভুক্ত
|
| 541 |
|
|
|e 9657
|
| 650 |
|
|
|a Gender awareness
|9 27236
|
| 852 |
|
|
|a Savar Campus Library
|c General Shelf
|
| 942 |
|
|
|2 ddc
|c BK
|
| 952 |
|
|
|0 0
|1 0
|2 ddc
|4 0
|6 305_300000000000000_096762_NAZ
|7 0
|9 63789
|a SCL
|b SCL
|c GEN
|d 2018-07-15
|e Development Book Agency
|g 270.00
|l 0
|o 305.3096762 NAZ
|p 3020009657
|r 2018-07-15
|t 1
|w 2018-07-15
|y BK
|